| 000 | 00517nam a22001817a 4500 | ||
|---|---|---|---|
| 005 | 20251108165850.0 | ||
| 008 | 250721s9999 xx 000 0 ara d | ||
| 082 | 1 | 4 | _aط/910/ منا |
| 245 | 1 | 0 | _aفي منابت الأرز / |
| 264 | 1 |
_aبيروت : _bدار شهرزاد، _c[19-]. |
|
| 300 | _a21 ص. : مص. | ||
| 490 | 0 | _aحياة الإنسان | |
| 650 | 1 | 7 | _aالحياة |
| 650 | 1 | 7 | _aالسهول |
| 653 | _aأطفال مرحلة متوسطة (6-9 سنوات) | ||
| 942 |
_2ddc _cBK |
||
| 999 |
_c33354 _d33354 |
||